<?xml version="1.0" encoding="UTF-8"?>
<record
    xmlns:xsi="http://www.w3.org/2001/XMLSchema-instance"
    xsi:schemaLocation="http://www.loc.gov/MARC21/slim http://www.loc.gov/standards/marcxml/schema/MARC21slim.xsd"
    xmlns="http://www.loc.gov/MARC21/slim">

  <leader>01319nam a2200265 i 4500</leader>
  <controlfield tag="001">bg</controlfield>
  <datafield tag="111" ind1="2" ind2=" ">
    <subfield code="a">Og&#xF3;lnopolskie Forum Wymiany Do&#x15B;wiadcze&#x144; w Dziedzinie Eksploatacji Oczyszczalni &#x15A;ciek&#xF3;w</subfield>
    <subfield code="n">(3 ;</subfield>
    <subfield code="d">2004 ;</subfield>
    <subfield code="c">Ustka).</subfield>
  </datafield>
  <datafield tag="245" ind1="0" ind2="0">
    <subfield code="a">Eksploatatorzy dla Eksploatator&#xF3;w :</subfield>
    <subfield code="b">28-30 kwietnia 2004 r. Ustka /</subfield>
    <subfield code="c">[red. Helena Darul, Maciej Bieniowski ; org. Stowarzyszenie Eksploatator&#xF3;w Obiekt&#xF3;w Gospodarki Wodno-&#x15A;ciekowej].</subfield>
  </datafield>
  <datafield tag="246" ind1="1" ind2=" ">
    <subfield code="a">Og&#xF3;lnopolskie Forum Wymiany Do&#x15B;wiadcze&#x144; w Dziedzinie Eksploatacji Oczyszczalni &#x15A;ciek&#xF3;w</subfield>
  </datafield>
  <datafield tag="260" ind1=" " ind2=" ">
    <subfield code="a">Ustka :</subfield>
    <subfield code="b">Stowarzyszenie Eksploatator&#xF3;w Obiekt&#xF3;w Gospodarki Wodno-&#x15A;ciekowej,</subfield>
    <subfield code="c">2004.</subfield>
  </datafield>
  <datafield tag="300" ind1=" " ind2=" ">
    <subfield code="a">wiele liczb. :</subfield>
    <subfield code="b">rys., wykr. ;</subfield>
    <subfield code="c">32 cm.</subfield>
  </datafield>
  <datafield tag="500" ind1=" " ind2=" ">
    <subfield code="a">Skoroszyt.</subfield>
  </datafield>
  <datafield tag="504" ind1=" " ind2=" ">
    <subfield code="a">Bibliogr. przy ref.</subfield>
  </datafield>
  <datafield tag="650" ind1=" " ind2="9">
    <subfield code="a">Oczyszczalnia &#x15B;ciek&#xF3;w</subfield>
    <subfield code="x">eksploatacja</subfield>
  </datafield>
  <datafield tag="655" ind1=" " ind2=" ">
    <subfield code="a">Materia&#x142;y konferencyjne</subfield>
  </datafield>
  <datafield tag="700" ind1="1" ind2=" ">
    <subfield code="a">Darul, Helena.</subfield>
    <subfield code="e">Red.</subfield>
  </datafield>
  <datafield tag="700" ind1="1" ind2=" ">
    <subfield code="a">Bieniowski, Maciej.</subfield>
    <subfield code="e">Red.</subfield>
  </datafield>
  <datafield tag="710" ind1="0" ind2=" ">
    <subfield code="a">Stowarzyszenie Ekspolatator&#xF3;w Obiekt&#xF3;w Gospodarki Wodno-&#x15A;ciekowej</subfield>
  </datafield>
  <datafield tag="040" ind1=" " ind2=" ">
    <subfield code="c">BPK</subfield>
  </datafield>
  <datafield tag="041" ind1="0" ind2=" ">
    <subfield code="a">pol</subfield>
  </datafield>
  <datafield tag="080" ind1=" " ind2=" ">
    <subfield code="a">628.32(061)</subfield>
  </datafield>
  <datafield tag="942" ind1=" " ind2=" ">
    <subfield code="c">KA</subfield>
  </datafield>
  <controlfield tag="008">      s        pl     f     |000 0 pol  </controlfield>
  <datafield tag="999" ind1=" " ind2=" ">
    <subfield code="c">35190</subfield>
    <subfield code="d">35190</subfield>
  </datafield>
  <datafield tag="856" ind1=" " ind2=" ">
    <subfield code="u">http://koha.tu.koszalin.pl/cgi-bin/koha/opac-detail.pl?biblionumber=35190</subfield>
    <subfield code="y">Katalog online BPK</subfield>
  </datafield>
  <datafield tag="952" ind1=" " ind2=" ">
    <subfield code="0">0</subfield>
    <subfield code="1">0</subfield>
    <subfield code="4">0</subfield>
    <subfield code="7">0</subfield>
    <subfield code="a">BPK</subfield>
    <subfield code="b">BPK</subfield>
    <subfield code="c">w</subfield>
    <subfield code="o">KC 3481</subfield>
    <subfield code="p">02338651</subfield>
    <subfield code="y">KA</subfield>
  </datafield>
</record>
